| 000 | 00000nam##2200000za#4500 |
| 001 | 9.570924 |
| 003 | CaOODSP |
| 005 | 20210624182456 |
| 007 | cr ||||||||||| |
| 008 | 150406|2009||||xxc|||||o f|0| 0 eng|d |
| 040 | |aCaOODSP|beng |
| 043 | |an-cn--- |
| 086 | 1 |aYC26-0/402-9E-PDF |
| 110 | 1 |aCanada. |bParliament. |bSenate. |bStanding Committee on Energy, the Environment and Natural Resources. |
| 245 | 10|aReport addressing Bill C-10, Navigable Waters Protection Act : |h[electronic resource]|bninth report of the Standing Senate Committee on Energy, the Environment and Natural Resources / |cThe Honourable W. David Angus, chair; the Honourable Grant Mitchell, deputy chair. |
| 260 | |aOttawa - Ontario : |bSenate. |cJune 2009. |
| 300 | |a37p.|bfigs. (some coloured), references, tables |
| 490 | 1 |aReport of the Standing Senate Committee on Energy, the Environment and Natural Resources|v[40th Parliament, 2nd Session], 9th report |
| 590 | |a11-12-Supp|b2011-07-29 |
| 775 | 08|tRapport sur projet de loi C-10, Loi sur la protection des eaux navigables : |w(CaOODSP)9.601566 |
| 830 | #0|aReport of the Standing Senate Committee on Energy, the Environment and Natural Resources ;|v[40th Parliament, 2nd Session], 9th report|w(CaOODSP)9.506409 |
| 856 | 40|ahttp://publications.gc.ca|qPDF|s526 KB|uhttps://publications.gc.ca/collections/collection_2011/sen/yc26-0/YC26-0-402-9-eng.pdf|y[40th Parliament, 2nd Session], 9th report |